[Event "Gruppe C | DWZ 1900 - 1701"]
[Site "61.HEM Erlensee 2007"]
[Date "2007.04.07"]
[Round "7.1"]
[White "Zuyev, Igor"]
[Black "Adair, Robin"]
[Result "1-0"]
[WhiteElo "2172"]
[BlackElo "2033"]
[PlyCount "51"]
[EventDate "2007.??.??"]

1. e4 c5 2. Nc3 Nc6 3. f4 e6 4. Nf3 d6 5. Bb5 Bd7 6. d3 Nge7 7. O-O a6 8. Bc4
b5 9. Bb3 Qb6 10. Be3 Nd4 11. f5 Nxb3 12. axb3 d5 13. fxe6 Bxe6 14. b4 Ng6 15.
exd5 Bg4 16. Qe2 O-O-O 17. Qf2 Be7 18. bxc5 Qf6 19. Bg5 Qf5 20. Bxe7 Nxe7 21.
Rxa6 Nxd5 22. Ra8+ Kd7 23. c6+ Ke7 24. Qc5+ Kf6 25. Rxd8 Rxd8 26. Nd4 1-0

[Event "Gruppe C | DWZ 1900 - 1701"]
[Site "61.HEM Erlensee 2007"]
[Date "2007.04.07"]
[Round "7.2"]
[White "Rack, Matthias"]
[Black "Wuestehube, Axel"]
[Result "0-1"]
[WhiteElo "2040"]
[BlackElo "1886"]
[PlyCount "76"]
[EventDate "2007.??.??"]

1. Nf3 g6 2. g3 Bg7 3. Bg2 e5 4. d3 Ne7 5. O-O O-O 6. e4 d6 7. c3 c6 8. Ne1 Be6
9. f4 exf4 10. Bxf4 d5 11. Qc2 Nd7 12. Nd2 Nc5 13. d4 Nxe4 14. Nxe4 dxe4 15.
Bxe4 Bd5 16. Bd3 Qd7 17. Nf3 f6 18. Rae1 Rae8 19. Nd2 Nc8 20. Ne4 b6 21. b3 f5
22. Nd2 Nd6 23. Bxd6 Qxd6 24. Bc4 b5 25. Bxd5+ Qxd5 26. Kf2 b4 27. Nf3 c5 28.
cxb4 Bxd4+ 29. Nxd4 Qxd4+ 30. Kg2 cxb4 31. Rd1 Qe4+ 32. Qxe4 Rxe4 33. Rd7 Rf7
34. Rd8+ Kg7 35. h4 Rc7 36. h5 Rc2+ 37. Kf3 g5 38. Rd7+ Kf6 0-1

[Event "Gruppe C | DWZ 1900 - 1701"]
[Site "61.HEM Erlensee 2007"]
[Date "2007.04.07"]
[Round "7.3"]
[White "Schaal, Benedikt"]
[Black "Weiland, Thomas"]
[Result "1/2-1/2"]
[WhiteElo "1841"]
[BlackElo "1995"]
[PlyCount "63"]
[EventDate "2007.??.??"]

1. e4 d5 2. exd5 Nf6 3. c4 e6 4. dxe6 Bxe6 5. Nf3 Nc6 6. d4 Bb4+ 7. Nc3 Qe7 8.
Be3 O-O-O 9. a3 Bxc3+ 10. bxc3 Ng4 11. Bd3 Nxe3 12. fxe3 Bg4 13. Qe2 Rhe8 14.
Kf2 g6 15. Rhe1 f5 16. Rab1 Qxa3 17. Qc2 Bxf3 18. gxf3 Qe7 19. Qb2 Na5 20. c5
Qh4+ 21. Kg1 Qg5+ 22. Qg2 Qxg2+ 23. Kxg2 Re6 24. c4 f4 25. d5 Rxe3 26. Rxe3
fxe3 27. Kf1 Re8 28. Ke2 Kd7 29. Rb4 b6 30. cxb6 axb6 31. c5 bxc5 32. Rb5
1/2-1/2

[Event "Gruppe C | DWZ 1900 - 1701"]
[Site "61.HEM Erlensee 2007"]
[Date "2007.04.07"]
[Round "7.4"]
[White "Karsten, Heinrich"]
[Black "Rasche, Hannes"]
[Result "0-1"]
[WhiteElo "2077"]
[BlackElo "2050"]
[PlyCount "52"]
[EventDate "2007.??.??"]

1. c4 Nf6 2. Nc3 g6 3. d4 Bg7 4. e4 d6 5. f3 O-O 6. Be3 e5 7. d5 Nh5 8. Qd2 f5
9. g3 Rf7 10. Nge2 Qf8 11. O-O-O Nd7 12. Bg2 Nb6 13. b3 Bd7 14. Rhf1 Rc8 15. f4
Nf6 16. h3 Nxe4 17. Nxe4 fxe4 18. g4 exf4 19. Nxf4 Re8 20. Qc2 Qe7 21. Ne2 Rxf1
22. Rxf1 c6 23. dxc6 bxc6 24. Kb1 d5 25. c5 Na8 26. Nd4 Nc7 0-1

[Event "Gruppe C | DWZ 1900 - 1701"]
[Site "61.HEM Erlensee 2007"]
[Date "2007.04.07"]
[Round "7.5"]
[White "Gutacker, Stephan"]
[Black "Froehlich Dill, Astrid"]
[Result "0-1"]
[WhiteElo "1980"]
[BlackElo "1970"]
[PlyCount "76"]
[EventDate "2007.??.??"]

1. e4 e6 2. d4 b6 3. Nf3 Bb7 4. Bd3 c5 5. c3 cxd4 6. cxd4 Bb4+ 7. Nc3 Nf6 8.
Qe2 d5 9. e5 Ne4 10. Bd2 Nxd2 11. Nxd2 Nc6 12. Qg4 O-O 13. Nf3 f5 14. exf6 Qxf6
15. O-O Bc8 16. Ng5 h6 17. Nh7 Qf4 18. Qh5 Rf7 19. Ne2 Qc7 20. Rac1 Qd7 21. f4
Ne7 22. Ng5 Rf5 23. Bxf5 Nxf5 24. Nf3 Ba6 25. Ne5 Qe7 26. Rf2 Bd2 27. Rc6 Be3
28. Ng3 Bxf2+ 29. Kxf2 Nxd4 30. Rc1 Rf8 31. Ke3 Nf5+ 32. Nxf5 Rxf5 33. Qg6 Rf6
34. Qc2 Qb4 35. g3 Rf8 36. a3 d4+ 37. Kf2 Qb5 38. Qd2 Qxe5 0-1

[Event "Gruppe C | DWZ 1900 - 1701"]
[Site "61.HEM Erlensee 2007"]
[Date "2007.04.07"]
[Round "7.6"]
[White "Larem, Peter"]
[Black "Storck, Eike-Werner"]
[Result "1-0"]
[WhiteElo "1917"]
[BlackElo "1895"]
[PlyCount "73"]
[EventDate "2007.??.??"]

1. e4 e6 2. d4 d5 3. Nc3 Bb4 4. e5 c5 5. a3 Ba5 6. b4 cxd4 7. Nb5 Bc7 8. f4 Nc6
9. Nf3 Nge7 10. Nbxd4 O-O 11. Bd3 Nf5 12. Nxf5 exf5 13. O-O Be6 14. Bb2 h6 15.
Kh1 a6 16. Nd4 Nxd4 17. Bxd4 Bb6 18. Bxb6 Qxb6 19. Qh5 d4 20. Rf3 Bd5 21. Qxf5
g6 22. Rg3 Rae8 23. Qh5 Kg7 24. Re1 Rh8 25. f5 g5 26. Rxg5+ hxg5 27. Qxg5+ Kf8
28. f6 Bxg2+ 29. Kg1 Rh7 30. Kxg2 Qc6+ 31. Kg1 Qf3 32. Bxh7 Rxe5 33. Qg7+ Ke8
34. Rxe5+ Kd8 35. Qf8+ Kc7 36. Qc5+ Kb8 37. Re8# 1-0

[Event "Gruppe C | DWZ 1900 - 1701"]
[Site "61.HEM Erlensee 2007"]
[Date "2007.04.07"]
[Round "7.7"]
[White "Will, Jens Robert"]
[Black "Smit, Josip"]
[Result "1/2-1/2"]
[WhiteElo "1970"]
[BlackElo "2049"]
[PlyCount "35"]
[EventDate "2007.??.??"]

1. Nf3 Nf6 2. g3 g6 3. Bg2 Bg7 4. O-O O-O 5. d4 d6 6. Re1 Nbd7 7. e4 e5 8. c3
c6 9. Nbd2 Re8 10. Qc2 Nf8 11. Nc4 exd4 12. Bf4 Nxe4 13. Nxd4 d5 14. Bxe4 dxc4
15. Rad1 Qa5 16. Be3 Bg4 17. f3 Be6 18. Nxc6 1/2-1/2

[Event "Gruppe C | DWZ 1900 - 1701"]
[Site "61.HEM Erlensee 2007"]
[Date "2007.04.07"]
[Round "7.8"]
[White "von Chamier, Ralf"]
[Black "Fussnecker, Manfred"]
[Result "1-0"]
[WhiteElo "1837"]
[BlackElo "2013"]
[PlyCount "89"]
[EventDate "2007.??.??"]

1. Nf3 f5 2. g3 Nf6 3. Bg2 g6 4. c3 d5 5. d3 Nc6 6. Na3 Bg7 7. Nb5 a6 8. Nbd4
Nxd4 9. Nxd4 e5 10. Nb3 O-O 11. Bg5 Qd6 12. d4 Ne4 13. dxe5 Bxe5 14. Bh6 Rf7
15. Nd2 Qb6 16. Nxe4 fxe4 17. O-O c6 18. Rb1 Bg4 19. Be3 Qb5 20. f3 Bf5 21. f4
Bg7 22. Rf2 d4 23. cxd4 Rd7 24. g4 Bxg4 25. Bxe4 Re8 26. Bd3 Qd5 27. Qc1 b5 28.
Bc2 Qd6 29. Bb3+ Kh8 30. d5 cxd5 31. Rg2 Bf5 32. Ra1 Rc7 33. Qd2 Re4 34. Rd1 d4
35. Bf2 Rce7 36. Bg3 Qb6 37. Bd5 Re3 38. Bf3 Rxf3 39. exf3 d3+ 40. Bf2 Qc6 41.
Re1 Rc7 42. Rg5 Qd7 43. Be3 Rc2 44. Qb4 Bxb2 45. Qf8# 1-0

[Event "Gruppe C | DWZ 1900 - 1701"]
[Site "61.HEM Erlensee 2007"]
[Date "2007.04.07"]
[Round "7.9"]
[White "Haftmann, Rainer"]
[Black "Geringer, Waldemar"]
[Result "0-1"]
[WhiteElo "1765"]
[BlackElo "1886"]
[PlyCount "46"]
[EventDate "2007.??.??"]

1. e4 c5 2. Nf3 d6 3. d4 cxd4 4. Nxd4 Nf6 5. Nc3 a6 6. Bg5 e6 7. f4 Be7 8. Qf3
Qc7 9. O-O-O Bd7 10. g4 b5 11. e5 dxe5 12. Ndxb5 axb5 13. Rxd7 Nfxd7 14. Qxa8
exf4 15. Bxe7 Kxe7 16. Nxb5 Qe5 17. Qa3+ Nc5 18. Bd3 Qe3+ 19. Kb1 Nbd7 20. Rd1
Qf3 21. Rf1 Qxg4 22. Qb4 Rb8 23. Rxf4 Qd1# 0-1

[Event "Gruppe C | DWZ 1900 - 1701"]
[Site "61.HEM Erlensee 2007"]
[Date "2007.04.07"]
[Round "7.10"]
[White "Makilla, Tobias"]
[Black "Eg, Karlheinz"]
[Result "0-1"]
[WhiteElo "1923"]
[BlackElo "2065"]
[PlyCount "48"]
[EventDate "2007.??.??"]

1. e4 e5 2. Nf3 Nc6 3. c3 d5 4. Qa4 f6 5. Bb5 Nge7 6. exd5 Qxd5 7. O-O e4 8.
Nd4 Bd7 9. Nxc6 Nxc6 10. Re1 O-O-O 11. Rxe4 a6 12. Bxa6 Nb8 13. Qc4 Bc6 14.
Qxd5 Bxd5 15. Bd3 Bxe4 16. Bxe4 g6 17. Kf1 Bh6 18. g3 Rhe8 19. Bc2 Re7 20. f4
Rde8 21. Na3 Re1+ 22. Kg2 R8e2+ 23. Kf3 Rxh2 24. b3 Rhh1 0-1

[Event "Gruppe C | DWZ 1900 - 1701"]
[Site "61.HEM Erlensee 2007"]
[Date "2007.04.07"]
[Round "7.11"]
[White "Winter, Lars"]
[Black "Radtke, Thoralf"]
[Result "1-0"]
[WhiteElo "2062"]
[BlackElo "1718"]
[PlyCount "47"]
[EventDate "2007.??.??"]

1. e4 e6 2. d4 d5 3. e5 c5 4. c3 Nc6 5. Nf3 Qb6 6. a3 c4 7. Nbd2 f6 8. Be2 Qc7
9. O-O fxe5 10. Nxe5 Nxe5 11. dxe5 Ne7 12. b3 b5 13. a4 Bd7 14. axb5 Bxb5 15.
bxc4 dxc4 16. Nxc4 Bxc4 17. Qa4+ Kf7 18. Bxc4 Ng6 19. Qa6 Qxe5 20. Ra5 Qd6 21.
Rf5+ Ke8 22. Bb5+ Kd8 23. Rxf8+ Qxf8 24. Rd1+ 1-0

[Event "Gruppe C | DWZ 1900 - 1701"]
[Site "61.HEM Erlensee 2007"]
[Date "2007.04.07"]
[Round "7.12"]
[White "Scholz, Uwe"]
[Black "Adamczyk, Matthias"]
[Result "1/2-1/2"]
[WhiteElo "1733"]
[BlackElo "1774"]
[PlyCount "41"]
[EventDate "2007.??.??"]

1. f4 d5 2. e3 Nf6 3. Nf3 c5 4. b3 Bg4 5. Bb2 Nc6 6. h3 Bxf3 7. Qxf3 e6 8. Bb5
Rc8 9. O-O Bd6 10. d3 a6 11. Bxc6+ Rxc6 12. Nd2 Be7 13. c4 O-O 14. e4 Qa5 15.
cxd5 exd5 16. exd5 Nxd5 17. Nc4 Qd8 18. d4 cxd4 19. Bxd4 Nf6 20. Rad1 Qc8 21.
Kh1 1/2-1/2

[Event "Gruppe C | DWZ 1900 - 1701"]
[Site "61.HEM Erlensee 2007"]
[Date "2007.04.07"]
[Round "7.13"]
[White "Schaub, Thomas"]
[Black "Storkebaum, Ulrike"]
[Result "1/2-1/2"]
[WhiteElo "1744"]
[BlackElo "1930"]
[PlyCount "47"]
[EventDate "2007.??.??"]

1. d4 Nf6 2. Nf3 g6 3. c4 Bg7 4. Nc3 O-O 5. Bg5 d6 6. e3 Nbd7 7. Be2 c5 8. O-O
h6 9. Bh4 a6 10. Rc1 Re8 11. Qc2 Nf8 12. Rfd1 Qa5 13. Qa4 Qxa4 14. Nxa4 cxd4
15. Nxd4 Bd7 16. Nb6 Rad8 17. Bf3 Rb8 18. c5 e5 19. Nb3 g5 20. Bg3 dxc5 21.
Nxc5 Bc6 22. Bxc6 bxc6 23. Nc4 Ng6 24. Nxa6 1/2-1/2

[Event "Gruppe C | DWZ 1900 - 1701"]
[Site "61.HEM Erlensee 2007"]
[Date "2007.04.07"]
[Round "7.14"]
[White "Fischer, Arthur"]
[Black "Krueger, Till"]
[Result "0-1"]
[WhiteElo "2074"]
[BlackElo "2048"]
[PlyCount "52"]
[EventDate "2007.??.??"]

1. e4 d6 2. d4 Nf6 3. Nc3 g6 4. Be2 Bg7 5. h4 c5 6. dxc5 Qa5 7. Qd3 Qxc5 8. Be3
Qa5 9. h5 gxh5 10. Nh3 Nc6 11. O-O-O Bd7 12. Kb1 O-O-O 13. Nf4 Kb8 14. Nxh5
Nxh5 15. Rxh5 f5 16. exf5 Be8 17. Rh4 Nb4 18. Qc4 Nc6 19. g4 Rc8 20. Qb3 Rf8
21. Qb5 Bxc3 22. bxc3 Qxc3 23. Qb3 Qa5 24. Rxh7 Ne5 25. Bd4 Ba4 26. Bc3 Rxc3
0-1

[Event "Gruppe C | DWZ 1900 - 1701"]
[Site "61.HEM Erlensee 2007"]
[Date "2007.04.07"]
[Round "7.15"]
[White "Friedrich, Helmut"]
[Black "Achelrod, Alexandre"]
[Result "1-0"]
[WhiteElo "1725"]
[BlackElo "1873"]
[PlyCount "79"]
[EventDate "2007.??.??"]

1. e4 c5 2. Nf3 d6 3. d4 cxd4 4. Nxd4 Nf6 5. Nc3 a6 6. Be2 b5 7. a3 Bb7 8. Bf3
Nbd7 9. O-O e6 10. Nde2 Ne5 11. Ng3 Be7 12. h3 O-O 13. Be2 Rc8 14. Be3 Nc4 15.
Bxc4 Rxc4 16. Qd3 Qa8 17. f3 Rfc8 18. Rac1 Qb8 19. Bf2 Qc7 20. Nge2 Nd7 21. Qe3
Bf6 22. Kh1 b4 23. axb4 Rxb4 24. Rb1 Nb6 25. Be1 Nc4 26. Qc1 Rb6 27. Na4 Rb5
28. Nac3 Rh5 29. Ng3 Rc5 30. Nge2 Qd8 31. Bf2 Rh5 32. Bg3 Bh4 33. Bxh4 Qxh4 34.
Ng1 Qg3 35. Nce2 Qe5 36. b3 Nb6 {Auf beiden Partieformularen steht an dieser
Stelle Sc6, was aber nicht geht. Im 40.Zug aber wird dieser Spinger auf d4
getauscht, somit ist an dieser Stelle ein unmöglicher Zug gespielt worden! 
1-0 oder 0-1 (hier sind die Spieler sich nicht einig) nach dem 60. Zug (auch
hier ist keine eindeutigkeit, da die Notationen nach dem 50.Zug nicht mehr
annähernd übereinstimmen...)} 37. Qd2 f5 38. exf5 Rxf5 39. Rbd1 Rd8 40. Nd4 1-0

[Event "Gruppe C | DWZ 1900 - 1701"]
[Site "61.HEM Erlensee 2007"]
[Date "2007.04.07"]
[Round "7.16"]
[White "Gauf, Wolfgang"]
[Black "Schmitt, Carsten"]
[Result "1-0"]
[WhiteElo "1814"]
[BlackElo "1829"]
[PlyCount "79"]
[EventDate "2007.??.??"]

1. e4 c5 2. Nf3 Nc6 3. Nc3 e6 4. d4 cxd4 5. Nxd4 Nf6 6. Ndb5 d6 7. Bf4 e5 8.
Bg5 a6 9. Na3 Be6 10. Nc4 Rc8 11. Ne3 Qa5 12. Bxf6 gxf6 13. Ned5 Bxd5 14. Qxd5
Qb4 15. Bc4 Nd8 16. Bb3 Rc5 17. a3 Qa5 18. Qd2 Rg8 19. Ba4+ Rc6 20. b4 Qb6 21.
Nd5 Qd4 22. Qxd4 exd4 23. Nxf6+ Ke7 24. Nxg8+ Ke6 25. Bxc6 Nxc6 26. O-O Bg7 27.
f4 f6 28. Rae1 Kf7 29. Nxf6 Kxf6 30. g4 Ke6 31. g5 a5 32. b5 Na7 33. a4 Nc8 34.
f5+ Ke5 35. f6 Bf8 36. Rf5+ Ke6 37. Rd1 Nb6 38. Rxd4 d5 39. Rdxd5 Nxd5 40. Rxd5
1-0

[Event "Gruppe C | DWZ 1900 - 1701"]
[Site "61.HEM Erlensee 2007"]
[Date "2007.04.07"]
[Round "7.17"]
[White "Foerster, Rudi"]
[Black "Koculak, Eduard"]
[Result "1/2-1/2"]
[WhiteElo "1962"]
[BlackElo "1752"]
[PlyCount "52"]
[EventDate "2007.??.??"]

1. e4 c5 2. c3 d5 3. exd5 Qxd5 4. d4 e6 5. Nf3 Nf6 6. Be3 cxd4 7. cxd4 Nc6 8.
Nc3 Qd8 9. Bd3 Be7 10. O-O O-O 11. a3 Bd7 12. Rc1 Nd5 13. Re1 Rc8 14. Ne5 a6
15. Qh5 f5 16. Nxd5 exd5 17. Nxc6 Rxc6 18. Rxc6 bxc6 19. Bxa6 Qa5 20. Bd2 Qd8
21. Bd3 g6 22. Qh6 Bf6 23. Qf4 Qb8 24. b4 Qxf4 25. Bxf4 Ra8 26. Bc1 Bxd4
1/2-1/2

[Event "Gruppe C | DWZ 1900 - 1701"]
[Site "61.HEM Erlensee 2007"]
[Date "2007.04.07"]
[Round "7.18"]
[White "Libuda, Thomas"]
[Black "Ritscher, Georg"]
[Result "0-1"]
[WhiteElo "2009"]
[BlackElo "2011"]
[PlyCount "28"]
[EventDate "2007.??.??"]

1. d4 d5 2. Nf3 Nf6 3. e3 c6 4. Bd3 Bg4 5. Nbd2 e6 6. O-O Bd6 7. c4 O-O 8. Qb3
Qe7 9. c5 Bc7 10. Qxb7 Bxh2+ 11. Nxh2 Qxb7 12. f3 Bh5 13. e4 Bg6 14. a3 Qd7 0-1

[Event "Gruppe C | DWZ 1900 - 1701"]
[Site "61.HEM Erlensee 2007"]
[Date "2007.04.07"]
[Round "7.20"]
[White "Bosse, Volkmar"]
[Black "Kuehn, Thomas"]
[Result "0-1"]
[WhiteElo "1997"]
[BlackElo "1905"]
[PlyCount "108"]
[EventDate "2007.??.??"]

1. e4 d5 2. exd5 Qxd5 3. Nc3 Qa5 4. d4 Bf5 5. Nf3 Nf6 6. Bd2 c6 7. Bc4 e6 8.
O-O Be7 9. Re1 Qd8 10. h3 Nbd7 11. Bf4 O-O 12. Nh4 Bg6 13. Nxg6 hxg6 14. Ne2
Nb6 15. Bb3 a5 16. a3 a4 17. Ba2 Ra5 18. c4 Rh5 19. Bh2 g5 20. Rc1 c5 21. Ng3
Rh4 22. d5 Rd4 23. Qe2 Bd6 24. dxe6 Bxg3 25. exf7+ Rxf7 26. Bxg3 Ne4 27. Rcd1
Nxg3 28. fxg3 Re7 29. Qxe7 Qxe7 30. Rxe7 Rxd1+ 31. Kh2 Nd7 32. b4 Kf8 33. Re2
Rd3 34. Bb1 Rxa3 35. bxc5 Ra1 36. Bf5 Nf6 37. h4 g4 38. c6 bxc6 39. c5 a3 40.
Be6 Nd5 41. Bxd5 cxd5 42. c6 a2 43. Rc2 Rh1+ 44. Kxh1 a1=Q+ 45. Kh2 Qa8 46. c7
Qc8 47. Kg1 Ke7 48. Rc1 Kd6 49. Kf2 d4 50. Ke2 Kd7 51. Kd3 Qa6+ 52. Kxd4 Kc8
53. Rc5 Qd6+ 54. Rd5 Qxg3 0-1

[Event "Gruppe C | DWZ 1900 - 1701"]
[Site "61.HEM Erlensee 2007"]
[Date "2007.04.07"]
[Round "7.21"]
[White "Freund, Karlheinz"]
[Black "Rompel, Michael"]
[Result "1-0"]
[WhiteElo "1797"]
[BlackElo "2051"]
[PlyCount "54"]
[EventDate "2007.??.??"]

1. d4 d5 2. Nc3 c6 3. e4 dxe4 4. Nxe4 Nd7 5. Bc4 Ngf6 6. Ng5 e6 7. Ne2 Be7 8.
Bxe6 fxe6 9. Nxe6 Qb6 10. Nxg7+ Kf7 11. Nf5 Nf8 12. Nh6+ Kg7 13. h3 Ng6 14. O-O
Rf8 15. Ng3 Bd7 16. c3 Rae8 17. Qc2 Bd8 18. Bd2 Bc7 19. Ngf5+ Kh8 20. Rfe1 c5
21. Rxe8 Rxe8 22. Re1 Rxe1+ 23. Bxe1 Qe6 24. Qd1 cxd4 25. Nxd4 Qd6 26. Nf7+ Kg7
27. Nxd6 Bxd6 1-0